| 000 | 00798nam a22002537a 4500 | ||
|---|---|---|---|
| 001 | |||
| 003 | DO-SdBNP | ||
| 005 | 20220526124955.0 | ||
| 008 | 151005b1995 sp 00| 0 spa d | ||
| 040 |
_aBPMSU _bspa _cBPMSU |
||
| 082 |
_aR909 _bA881h 1995 _222 |
||
| 245 | 0 | 0 |
_aAtlas histórico universal / _cdirección Juan Avilés Farré ; ilustraciones Julio Rodríguez |
| 260 |
_aMadrid : _bEl País/Agilar, _c1995. |
||
| 300 |
_a263 p. : _bil., retrs., mapa _c33 cm. |
||
| 500 | _aIncluye índice de topónimos | ||
| 500 | _aIncluye términos y conceptos históricos | ||
| 590 | _6Inventariado, 2022/VM | ||
| 650 | 4 |
_aHistoria universal _vAtlas. |
|
| 650 | 4 | _aGeografía histórica. | |
| 700 | 1 | 2 |
_aAvilés Farré, Juan _edirección |
| 910 | _aVMateo V. | ||
| 942 |
_2ddc _cBK |
||
| 956 | _aYngrid Lockward | ||
| 999 |
_c8958 _d8958 |
||